Sports Quiz

Random Sports or MLB Quiz
Score 0/8 Timer 00:30
6 Plays Today
League Team % Correct
NFLDallas Cowboys
93.6%
NFLHouston Texans
92.2%
NBADallas Mavericks
87.9%
NBASan Antonio Spurs
86.9%
NBAHouston Rockets
86.1%
MLBTexas Rangers
85.8%
MLBHouston Astros
85%
NHLDallas Stars
81.8%
Remove Ads.
Support Sporcle.
Get the best of Sporcle when you Go Orange. This ad-free experience offers more features, more stats, and more fun while also helping to support Sporcle. Thank you for becoming a member.

You're not logged in!

Compare scores with friends on all Sporcle quizzes.
OR
Log In

Sporcle TV

Today on Sporcle TV


Watch our educational content, quiz creation guides, and fun videos on Sporcle TV.

Show Comments

Extras

Top Quizzes Today


Score Distribution

Paid Content

Your Account Isn't Verified!

In order to create a playlist on Sporcle, you need to verify the email address you used during registration. Go to your Sporcle Settings to finish the process.

Report this User

Report this user for behavior that violates our Community Guidelines.

Details: